000 01419cam a2200229 i 4500
001 20435914
005 20250224105846.0
008 180328s2018 flua b 001 0 eng c
010 _a 2018001951
020 _a9781138542983
_q(hardback ;
_qacid-free paper)
040 _aOU/DLC
_beng
_cOU
_erda
_dDLC
042 _apcc
050 0 0 _aQC311
_b.L87 2018
082 0 0 _a536.7
_223
100 1 _aLuscombe, James H.,
_d1954-
_eauthor.
_95354
245 1 0 _aThermodynamics /
_cJames H. Luscombe.
260 1 _aBoca Raton :
_bCRC Press, Taylor & Francis Group,
_c[2018]
300 _ax, 229 pages :
_billustrations ;
_c27 cm
520 _a"This book provides a beautifully written, accessible yet very thorough introduction to thermodynamics, crafted and class-tested over many years of teaching. Suitable for advanced undergraduate and graduate students, the book provides clear descriptions of how to think about the mathematics and physics involved. The table of contents has been carefully developed in consultation with a large number of instructors teaching courses worldwide, to ensure its wide applicability to modules on thermodynamics. Modern applications of thermodyamics (in physics and related areas) are included throughout, something not offered to the same degree by existing texts in the field"--
_cProvided by publisher.
504 _aIncludes bibliographical references and index.
650 0 _aThermodynamics.
_9612
999 _c693
_d693